00644nam a2200181 i 450000100060000000300090000600500170001500700030003200800410003510000420007624500760011826000470019430000220024170000280026385200320029199900170032395201220034086020ES-MaACL20250208063123.0t|041207s1962 ag ||||1| spa d0 aKennedy, John F.,d1917-1963 923959813aLa nueva frontera / cJohn F. Kennedy ; traducción de Antonio Ribera. aBuenos Aires : bPlaza & Janés, c[1962] a287 p. ; c19 cm.1 aRibera, Antonio.996769 aES-MaACLjC-23009 bR.51738 c86020d86020 00104070aATENEOMbATENEOMcDEPO2d2008-01-17eSCl0oC-23009p1089887r2023-02-23 00:00:00w2023-02-23yMONOGRAFIA